Ecology and biogeography of Pinus
Αποθηκεύτηκε σε:
| Άλλοι συγγραφείς: | |
|---|---|
| Μορφή: | Βιβλίο |
| Γλώσσα: | English |
| Δημοσίευση: |
Cambridge :
Cambridge University Press,
1998
|
| Θέματα: | |
| Ετικέτες: |
Προσθήκη ετικέτας
Δεν υπάρχουν, Καταχωρήστε ετικέτα πρώτοι!
|
MARC
| LEADER | 00000nam a2200000 i 4500 | ||
|---|---|---|---|
| 001 | 1/74574 | ||
| 008 | 080215s1998 eng d | ||
| 020 | |a 0-521-78910-9 | ||
| 035 | |l 10094686 | ||
| 040 | |a GR-MY-UA |b gre |e aacr | ||
| 041 | 0 | |a eng | |
| 082 | 0 | |a 585.217 |2 (22) | |
| 245 | 1 | 0 | |a Ecology and biogeography of Pinus / |c edited by David M. Richardson |
| 260 | |a Cambridge : |b Cambridge University Press, |c 1998 | ||
| 300 | |a xvii, 527 σ.; |b εικ., πίν., χάρτες; |c 28 εκ. | ||
| 504 | |a Περιέχει βιβλιογραφικές παραπομπές και ευρετήριο | ||
| 650 | 0 | 0 | |a Pine |x Ecology. |
| 650 | 0 | 0 | |a Pine |x Geographical distribution. |
| 700 | 1 | |a Richardson, D. M. |q (David M.) |d 1958- |4 edt | |
| 852 | |a INST |b LESVOS |e 20080215 |h 585.217 ECO |p 005100038822 |q 005100038822 |t BK |y 0 | ||
| 901 | |a BIBL1-2008-1 | ||
| 909 | |a Λ |b 144861 | ||
| 922 | |a 1ΕΛΗ |b 200801 |c ΕΠΕΑΕΚ2/ΤΠ |d ΕΛΕΥΘΕΡΟΥΔΑΚΗΣ | ||
| 970 | |a ΓΙΑΛΑΜΑ |b ΜΑΡΙΑ |z 2008/02/15 | ||